Top 25 Greatest Film Villains - Statistics

General Stats
  • This quiz has been taken 1,982 times
    289 since last reset
  • The average score is 10 of 25
Answer Stats
Position Movie Title Character's Name % Correct
3 The Empire Strikes Back (1980) Darth Vader
94%
1 The Silence of the Lambs (1991) Dr Hannibal Lecter
88%
18 Jaws (1975) The Shark (or the Mayor?)
79%
4 The Wizard of Oz (1939) Wicked Witch of the West
74%
2 Psycho (1960) Norman Bates
68%
14 Alien (1979) The Alien
68%
22 Terminator (1984) The Terminator
67%
20 Bambi (1942) Man
62%
10 Snow White and the Seven Dwarfs (1937) The Queen
52%
13 2001: A Space Odyssey (1968) HAL 9000
51%
5 One Flew Over the Cuckoo's Nest (1975) Nurse Ratched
50%
25 The Shining (1980) Jack Torrance
41%
24 Wall Street (1987) Gordon Gekko
36%
11 The Godfather Part II (1974) Michael Corleone
33%
17 Misery (1990) Annie Wilkes
29%
7 Fatal Attraction (1987) Alex Forrest
28%
9 The Exorcist (1973) Reagan MacNeil
28%
15 Schindler's List (1993) Amon Goeth
22%
12 A Clockwork Orange (1971) Alex deLarge
19%
6 It's a Wonderful Life (1946) Mr Henry F Potter
15%
19 Mutiny on the Bounty (1962) Captain Bligh
12%
16 Chinatown (1974) Noah Cross
5%
8 Double Indemnity (1944) Phyllis Dietrichson
4%
23 All About Eve (1950) Eve Harrington
3%
21 The Manchurian Candidate (1962) Eleanor Iselin
2%
No matching quizzes found
Score Distribution
Percent of People with Each Score
Percentile by Number Answered
Your Score History
You have not taken this quiz since the last reset